000 00596nam a2200181Ia 4500
003 GCL
008 140319s9999 xx 000 0 ara d
040 _aGCL /
_cGCL
082 0 4 _a604.6
_bم ن
100 1 _aالمعهد العربى لانماء المدن
245 1 0 _aالنظافة العامة والتخلص من النفايات فى المدن العربية /
_cالمعهد العربى لانماء المدن
300 _a767 ص
490 _a
650 0 4 _aالنفايات
650 0 4 _aالنظافة
650 0 4 _aالنفايات المشعة - دفن
942 _2ddc
_cBK
999 _c37786
_d37786